| 000 | 00784cam a22002412 4500 | ||
|---|---|---|---|
| 001 | 10839 | ||
| 003 | BD-RjUL | ||
| 005 | 20211208235027.0 | ||
| 008 | 140125s1964 enka b 001 0 eng u | ||
| 035 | _a(BD-RjUL)10888 | ||
| 040 |
_cCSU _dOCL _dUKM _dEQO _aBD-RjUL _beng |
||
| 041 | 1 | _aengger | |
| 082 |
_a541.076 _bFRP 1964 |
||
| 100 | 1 |
_aFromherz, Hans, _d1902- _933510 |
|
| 245 | 1 | 0 |
_aPhysico-chemical calculations in science and industry / _cTranslated by G. H. Kinner. |
| 260 |
_aLondon : _bButterworths, _cc1964. |
||
| 300 |
_axviii, 355 p. : _billus. ; _c24 cm. |
||
| 504 | _aIncludes bibliographical references and index. | ||
| 650 | 0 |
_aChemistry, Physical and theoretical _vProblems, exercises, etc. _929612 |
|
| 942 |
_2ddc _cBK |
||
| 999 |
_c10839 _d10839 |
||